|
|
|
|
| LEADER |
00000cam a22000007a 4500 |
| 001 |
28505 |
| 003 |
CZ-ZlUTB |
| 005 |
20190825235543.0 |
| 008 |
050120s2004 xr d frb 000 0 cze d |
| 020 |
|
|
|a 8086419789
|q (brož.)
|
| 040 |
|
|
|a ABA006
|b cze
|c ABA006
|d ABA006
|d ZLD002
|
| 072 |
|
7 |
|a 339.7/.9
|x Světová ekonomika a mezinárodní finance
|2 Konspekt
|9 4
|
| 080 |
|
|
|a 339.923(437.3)
|2 MRF
|
| 080 |
|
|
|a 339.923:061.1EU
|2 MRF
|
| 080 |
|
|
|a 339.926
|2 MRF
|
| 080 |
|
|
|a 330.35
|2 MRF
|
| 080 |
|
|
|a 36(4)
|2 MRF
|
| 100 |
1 |
|
|a Klvačová, Eva,
|d 1943-2010
|7 jk01060733
|4 aut
|
| 245 |
1 |
0 |
|a Prohlubování evropské integrace /
|c Eva Klvačová a kol. ; Institut integrace ČR do evropské a světové ekonomiky Vysoké školy ekonomické Praha
|
| 250 |
|
|
|a Vyd. 1.
|
| 260 |
|
|
|a Praha :
|b Professional Publishing,
|c 2004
|
| 300 |
|
|
|a 212 s.
|
| 504 |
|
|
|a Obsahuje bibliografii
|
| 610 |
2 |
7 |
|a Evropská unie
|7 kn20010711086
|2 czenas
|
| 650 |
0 |
7 |
|a evropská integrace
|7 ph137464
|2 czenas
|
| 650 |
0 |
7 |
|a strukturální fondy
|7 ph126155
|2 czenas
|
| 650 |
0 |
7 |
|a ekonomický růst
|7 ph114429
|2 czenas
|
| 650 |
0 |
7 |
|a sociální politika
|7 ph116210
|2 czenas
|
| 651 |
|
7 |
|a Česko
|7 ge128065
|2 czenas
|
| 655 |
|
7 |
|a studie
|7 fd133597
|2 czenas
|
| 710 |
2 |
|
|a Vysoká škola ekonomická v Praze.
|b Institut integrace České republiky do evropské a světové ekonomiky
|7 kn20020321564
|
| 910 |
|
|
|a ZLD002
|
| 952 |
|
|
|0 0
|1 0
|4 0
|6 339923KLVAČOVÁE
|7 0
|8 BOOK
|9 68767
|a UTBZL
|b UTBZL
|c 005
|d 2006-08-07
|l 0
|o 339.923/KLVAČOVÁ,E.
|p 420010101658
|r 2019-08-25 00:00:00
|v 288.00
|w 2019-08-25
|x N:nákup | 20100831
|y 01
|
| 952 |
|
|
|0 0
|1 0
|4 0
|6 339923KLVAČOVÁE
|7 0
|8 BOOK
|9 68768
|a UTBZL
|b UTBZL
|c 006
|d 2006-08-07
|l 18
|o 339.923/KLVAČOVÁ,E.
|p 420010101659
|r 2019-08-25 00:00:00
|v 288.00
|w 2019-08-25
|x N:nákup | 20100831
|y 04
|
| 992 |
|
|
|a BK
|b SK
|d 18
|
| 999 |
|
|
|c 28505
|d 28505
|